| 000 | 00533nam a2200181 a 4500 | ||
|---|---|---|---|
| 001 | 000040648 | ||
| 005 | 20201002034257.0 | ||
| 008 | 130904s1984 sp 000 0 spa d | ||
| 020 | _a9788475092416 | ||
| 040 |
_aDO-SdBNP _bspa _cBNPHU |
||
| 100 | 1 |
_aVilches, Lorenzo _945845 |
|
| 245 | 1 | 3 |
_aLa lectura de la imagen : _bprensa, cine, televisión / _cLorenzo Vilches. |
| 250 | _a10a. ed. | ||
| 260 |
_aBarcelona : _bPaidós, _c1984. |
||
| 300 |
_a248 p. : ; _c22 cm. |
||
| 500 | _aIncluye índice | ||
| 504 | _aBibliografía : 231 -244 | ||
| 999 |
_c40138 _d40138 |
||